000 00473nam a22001697a 4500
005 20251215105742.0
008 251215b |||||||| |||| 00| 0 eng d
040 _aMAIN
082 _a658.403
_bP565E
100 _aPhogat, Ruchi
245 _aEvaluating government schemes for promoting women entrepreneurship
260 _bDepartment of IMSAR, M D University, Rohtak
_c2024
300 _axviii, 246
650 _aManagement
700 _aRathee, Vijay
942 _cTH
999 _c395386
_d395386